Online katalóg knižníc regiónu Turca

Posledný bohém (Record no. 20311)

MARC details
000 -LEADER
fixed length control field 02202cam a2200625 4500
001 - CONTROL NUMBER
control field 20311
003 - CONTROL NUMBER IDENTIFIER
control field VRT
005 - DATE AND TIME OF LATEST TRANSACTION
control field 20260121114056.0
008 - FIXED-LENGTH DATA ELEMENTS--GENERAL INFORMATION
fixed length control field 220509s2020 xo oc erh 000 1bslo
015 ## - NATIONAL BIBLIOGRAPHY NUMBER
National bibliography number SNBA2020/12
020 ## - INTERNATIONAL STANDARD BOOK NUMBER
International Standard Book Number 9788055173238
Qualifying information (viazané)
035 ## - SYSTEM CONTROL NUMBER
System control number urn:nbn:sk:snk-am00ggfw
035 ## - SYSTEM CONTROL NUMBER
System control number urn:nbn:sk:snk-am3j78a
035 ## - SYSTEM CONTROL NUMBER
System control number 69B7A8C6-02E4-457C-86F5-61FAEC4B2C17
039 #9 - LEVEL OF BIBLIOGRAPHIC CONTROL AND CODING DETAIL [OBSOLETE]
Level of rules in bibliographic description 202401191058
Level of effort used to assign nonsubject heading access points msvkbb04
Level of effort used to assign subject headings 202401151005
Level of effort used to assign classification msvkbb08
Level of effort used to assign subject headings 202301170718
Level of effort used to assign classification AUTHORITY
Level of effort used to assign subject headings 202205091656
Level of effort used to assign classification VLOAD
040 ## - CATALOGING SOURCE
Original cataloging agency TTKJF
Language of cataloging slo
Transcribing agency TTKJF ‬
Description conventions rda
041 0# - LANGUAGE CODE
Language code of text/sound track or separate title slo
043 ## - GEOGRAPHIC AREA CODE
Geographic area code e-xo---
044 ## - COUNTRY OF PUBLISHING/PRODUCING ENTITY CODE
MARC country code xo
ISO country code SK
072 #7 - SUBJECT CATEGORY CODE
Subject category code 78.07
Subject category code subdivision Hudobníci, skladatelia a iné hudobné povolania
Source konspekt
072 #7 - SUBJECT CATEGORY CODE
Subject category code 929
Subject category code subdivision Biografie
Source konspekt
080 ## - UNIVERSAL DECIMAL CLASSIFICATION NUMBER
Universal Decimal Classification number 78.071.2-055.1
Edition identifier 2011
080 ## - UNIVERSAL DECIMAL CLASSIFICATION NUMBER
Universal Decimal Classification number 78.03.011.26
Edition identifier 2011
080 ## - UNIVERSAL DECIMAL CLASSIFICATION NUMBER
Universal Decimal Classification number (437.6)
Edition identifier 2011
080 ## - UNIVERSAL DECIMAL CLASSIFICATION NUMBER
Universal Decimal Classification number (0:82-94)
Edition identifier 2011
100 1# - MAIN ENTRY--PERSONAL NAME
Personal name Lispuchová, Silvia,
Dates associated with a name 1956-
Relationship aut
245 10 - TITLE STATEMENT
Title Posledný bohém
Statement of responsibility, etc. Silvia Lispuchová, Alena Horváthová-Čisáriková
264 #1 - PRODUCTION, PUBLICATION, DISTRIBUTION, MANUFACTURE, AND COPYRIGHT NOTICE
Place of production, publication, distribution, manufacture Bratislava
Name of producer, publisher, distributor, manufacturer Ikar, a.s.
Date of production, publication, distribution, manufacture, or copyright notice 2020
300 ## - PHYSICAL DESCRIPTION
Extent 239 strán
Other physical details fotografie, portréty
Dimensions 21 cm
336 ## - CONTENT TYPE
Content type term text
Content type code txt
Source rdacontent
337 ## - MEDIA TYPE
Media type term bez média
Media type code n
Source rdamedia
338 ## - CARRIER TYPE
Carrier type term zväzok
Carrier type code nc
Source rdacarrier
500 ## - GENERAL NOTE
General note Obsahuje profesijné údaje o autorkách na záložke prebalu publikácie
600 17 - SUBJECT ADDED ENTRY--PERSONAL NAME
Personal name Duchoň, Karol,
Dates associated with a name 1950-1985
Source of heading or term SNKMA
648 #7 - SUBJECT ADDED ENTRY--CHRONOLOGICAL TERM
Chronological term 20. stor.
Source of heading or term SNKPH
648 #7 - SUBJECT ADDED ENTRY--CHRONOLOGICAL TERM
Chronological term 20th century
Source of heading or term SNKPHeng
650 07 - SUBJECT ADDED ENTRY--TOPICAL TERM
Topical term or geographic name entry element speváci
Source of heading or term SNKPH
650 07 - SUBJECT ADDED ENTRY--TOPICAL TERM
Topical term or geographic name entry element populárna hudba
Source of heading or term SNKPH
650 07 - SUBJECT ADDED ENTRY--TOPICAL TERM
Topical term or geographic name entry element Singers
Source of heading or term SNKPHeng
650 07 - SUBJECT ADDED ENTRY--TOPICAL TERM
Topical term or geographic name entry element Popular music
Source of heading or term SNKPHeng
651 #7 - SUBJECT ADDED ENTRY--GEOGRAPHIC NAME
Geographic name Slovensko
Source of heading or term SNKPHgeo
651 #7 - SUBJECT ADDED ENTRY--GEOGRAPHIC NAME
Geographic name Slovakia
Source of heading or term SNKPHeng
655 #7 - INDEX TERM--GENRE/FORM
Genre/form data or focus term spomienky
Source of term SNKPH
655 #7 - INDEX TERM--GENRE/FORM
Genre/form data or focus term Reminiscences
Source of term SNKPHeng
700 1# - ADDED ENTRY--PERSONAL NAME
Personal name Horváthová-Čisáriková, Alena
Relationship aut
700 1# - ADDED ENTRY--PERSONAL NAME
Personal name Kittler, Dušan
Relationship pht
700 1# - ADDED ENTRY--PERSONAL NAME
Personal name Procházka, Peter,
Dates associated with a name 1952-
Relationship pht
700 1# - ADDED ENTRY--PERSONAL NAME
Personal name Šramko, Juraj
Relationship bjd
910 ## - USER-OPTION DATA (OCLC)
User-option data snk
942 ## - ADDED ENTRY ELEMENTS (KOHA)
Source of classification or shelving scheme Dewey Decimal Classification
Koha item type Odborná literatúra pre dospelých
Suppress in OPAC No
949 ## - LOCAL PROCESSING INFORMATION (OCLC)
6 17A1447326
a snkSC 191181
b snk2020/21849
o 1694/2020
s 6100:20210108
949 ## - LOCAL PROCESSING INFORMATION (OCLC)
6 17A1447327
a snkSC 191181 D1
b snk2020/21850
o 1694/2020
949 ## - LOCAL PROCESSING INFORMATION (OCLC)
6 270001000675570
a svkbbA 168610
b svkbbm 808826
949 ## - LOCAL PROCESSING INFORMATION (OCLC)
6 273K0654204
a svkpoA 245936
b svkpo648219
Holdings
Stav vyradenia Strata Poškodenie Spôsob nadobudnutia Domovská knižnica Aktuálna knižnica Dátum nadobudnutia Total checkouts Čiarový kód exemplára Date last seen Typ exemplára
      Dar Obecná knižnica Horná Štubňa Obecná knižnica Horná Štubňa 21.01.2026   9788055173238 21.01.2026 Odborná literatúra pre dospelých
Projekt je podporený Slovenskou asociáciou knižníc
Prevádzkuje Turčianska knižnica Martin 2026